<?xml version="1.0" encoding="UTF-8"?><marc:collection xmlns:marc="http://www.loc.gov/MARC21/slim">
  <marc:record>
    <marc:leader>02464nam#a2200481#c#4500</marc:leader>
    <marc:controlfield tag="001">990210913130206441</marc:controlfield>
    <marc:controlfield tag="003">DE-605</marc:controlfield>
    <marc:controlfield tag="005">20240904174831.0</marc:controlfield>
    <marc:controlfield tag="007">cr#|||||||||||</marc:controlfield>
    <marc:controlfield tag="008">160321|2016####gw #####om####|||#|#ger#c</marc:controlfield>
    <marc:datafield tag="016" ind1="7" ind2=" ">
      <marc:subfield code="a">1074793389</marc:subfield>
      <marc:subfield code="2">OCoLC</marc:subfield>
    </marc:datafield>
    <marc:datafield tag="024" ind1="7" ind2=" ">
      <marc:subfield code="a">urn:nbn:de:hbz:38m-frl:63997915</marc:subfield>
      <marc:subfield code="2">urn</marc:subfield>
    </marc:datafield>
    <marc:datafield tag="024" ind1="7" ind2=" ">
      <marc:subfield code="a">10.4126/FRL01-006399791</marc:subfield>
      <marc:subfield code="2">doi</marc:subfield>
    </marc:datafield>
    <marc:datafield tag="035" ind1=" " ind2=" ">
      <marc:subfield code="a">(DE-605)HT018920392</marc:subfield>
    </marc:datafield>
    <marc:datafield tag="035" ind1=" " ind2=" ">
      <marc:subfield code="a">(OCoLC)1074793389</marc:subfield>
    </marc:datafield>
    <marc:datafield tag="035" ind1=" " ind2=" ">
      <marc:subfield code="a">(DE-599)HBZHT018920392</marc:subfield>
    </marc:datafield>
    <marc:datafield tag="040" ind1=" " ind2=" ">
      <marc:subfield code="a">38 M</marc:subfield>
      <marc:subfield code="b">ger</marc:subfield>
      <marc:subfield code="c">DE-605</marc:subfield>
      <marc:subfield code="d">38 M</marc:subfield>
      <marc:subfield code="d">DE-605</marc:subfield>
      <marc:subfield code="e">rda</marc:subfield>
    </marc:datafield>
    <marc:datafield tag="041" ind1=" " ind2=" ">
      <marc:subfield code="a">ger</marc:subfield>
    </marc:datafield>
    <marc:datafield tag="044" ind1=" " ind2=" ">
      <marc:subfield code="c">XA-DE</marc:subfield>
    </marc:datafield>
    <marc:datafield tag="049" ind1=" " ind2=" ">
      <marc:subfield code="a">DE-98</marc:subfield>
    </marc:datafield>
    <marc:datafield tag="049" ind1=" " ind2=" ">
      <marc:subfield code="a">DE-38M</marc:subfield>
    </marc:datafield>
    <marc:datafield tag="082" ind1="0" ind2=" ">
      <marc:subfield code="a">610</marc:subfield>
    </marc:datafield>
    <marc:datafield tag="100" ind1="1" ind2=" ">
      <marc:subfield code="a">Neuhaus, Laura Stephanie</marc:subfield>
      <marc:subfield code="d">1988-</marc:subfield>
      <marc:subfield code="0">(DE-588)1093179929</marc:subfield>
      <marc:subfield code="4">aut</marc:subfield>
      <marc:subfield code="e">Verfasser</marc:subfield>
    </marc:datafield>
    <marc:datafield tag="245" ind1="1" ind2="0">
      <marc:subfield code="a">Phänotypische Charakterisierung Tumor-assoziierter B-Zellen im B16 Melanom der Maus und im Kolorektalen-Karzinom des Menschen</marc:subfield>
      <marc:subfield code="c">vorgelegt von Laura Stephanie Neuhaus ; 1. Berichterstatter: Professor Dr. med. Dr. rer. nat. M. S. von Bergwelt - Baildon, 2. Berichterstatterin: Frau Universitätsprofessor Dr. rer. nat. Dr. med. C. Mauch ; aus dem Zentrum für Innere Medizin der Universität zu Köln, Klinik und Poliklinik für Innere Medizin I Hämatologie und Onkologie</marc:subfield>
    </marc:datafield>
    <marc:datafield tag="264" ind1=" " ind2="1">
      <marc:subfield code="a">Köln</marc:subfield>
      <marc:subfield code="c">2016</marc:subfield>
    </marc:datafield>
    <marc:datafield tag="300" ind1=" " ind2=" ">
      <marc:subfield code="a">1 Online-Ressource (VI, 68 Seiten)</marc:subfield>
      <marc:subfield code="b">Illustrationen</marc:subfield>
    </marc:datafield>
    <marc:datafield tag="336" ind1=" " ind2=" ">
      <marc:subfield code="a">Text</marc:subfield>
      <marc:subfield code="b">txt</marc:subfield>
      <marc:subfield code="2">rdacontent</marc:subfield>
    </marc:datafield>
    <marc:datafield tag="337" ind1=" " ind2=" ">
      <marc:subfield code="a">Computer</marc:subfield>
      <marc:subfield code="b">c</marc:subfield>
      <marc:subfield code="2">rdamedia</marc:subfield>
    </marc:datafield>
    <marc:datafield tag="338" ind1=" " ind2=" ">
      <marc:subfield code="a">Online-Ressource</marc:subfield>
      <marc:subfield code="b">cr</marc:subfield>
      <marc:subfield code="2">rdacarrier</marc:subfield>
    </marc:datafield>
    <marc:datafield tag="502" ind1=" " ind2=" ">
      <marc:subfield code="b">Dissertation</marc:subfield>
      <marc:subfield code="c">Medizinische Fakultät der Universität zu Köln</marc:subfield>
      <marc:subfield code="d">2015</marc:subfield>
    </marc:datafield>
    <marc:datafield tag="506" ind1="0" ind2=" ">
      <marc:subfield code="a">Open Access</marc:subfield>
      <marc:subfield code="f">Unrestricted online access</marc:subfield>
      <marc:subfield code="2">star</marc:subfield>
    </marc:datafield>
    <marc:datafield tag="655" ind1=" " ind2="7">
      <marc:subfield code="a">Hochschulschrift</marc:subfield>
      <marc:subfield code="0">(DE-588)4113937-9</marc:subfield>
      <marc:subfield code="2">gnd-content</marc:subfield>
    </marc:datafield>
    <marc:datafield tag="700" ind1="1" ind2=" ">
      <marc:subfield code="a">Bergwelt, Michael &lt;&lt;von&gt;&gt;</marc:subfield>
      <marc:subfield code="0">(DE-588)1206200111</marc:subfield>
      <marc:subfield code="4">dgs</marc:subfield>
      <marc:subfield code="e">Akademischer Betreuer</marc:subfield>
    </marc:datafield>
    <marc:datafield tag="700" ind1="1" ind2=" ">
      <marc:subfield code="a">Mauch, Cornelia</marc:subfield>
      <marc:subfield code="0">(DE-588)1096846462</marc:subfield>
      <marc:subfield code="4">dgs</marc:subfield>
      <marc:subfield code="e">Akademischer Betreuer</marc:subfield>
    </marc:datafield>
    <marc:datafield tag="710" ind1="2" ind2=" ">
      <marc:subfield code="a">Universitätsklinikum Köln</marc:subfield>
      <marc:subfield code="b">Klinik I für Innere Medizin</marc:subfield>
      <marc:subfield code="0">(DE-588)10018507-1</marc:subfield>
      <marc:subfield code="4">oth</marc:subfield>
      <marc:subfield code="e">Sonstige</marc:subfield>
    </marc:datafield>
    <marc:datafield tag="751" ind1=" " ind2=" ">
      <marc:subfield code="a">Köln</marc:subfield>
      <marc:subfield code="0">(DE-588)4031483-2</marc:subfield>
      <marc:subfield code="4">uvp</marc:subfield>
      <marc:subfield code="e">Hochschulort</marc:subfield>
    </marc:datafield>
    <marc:datafield tag="776" ind1="0" ind2="8">
      <marc:subfield code="i">Erscheint auch als</marc:subfield>
      <marc:subfield code="n">Druck-Ausgabe</marc:subfield>
      <marc:subfield code="t">Neuhaus, Laura Stephanie. Phänotypische Charakterisierung Tumor-assoziierter B-Zellen im B16 Melanom der Maus und im Kolorektalen-Karzinom des Menschen</marc:subfield>
      <marc:subfield code="w">(DE-605)HT018943247</marc:subfield>
    </marc:datafield>
    <marc:datafield tag="856" ind1="4" ind2="0">
      <marc:subfield code="u">https://repository.publisso.de/resource/frl:6399791</marc:subfield>
      <marc:subfield code="3">Volltext</marc:subfield>
      <marc:subfield code="x">Archivierte Online-Ressource</marc:subfield>
    </marc:datafield>
    <marc:datafield tag="924" ind1="1" ind2=" ">
      <marc:subfield code="a">990210913130206441</marc:subfield>
      <marc:subfield code="b">DE-98</marc:subfield>
      <marc:subfield code="c">NRW</marc:subfield>
      <marc:subfield code="d">d</marc:subfield>
    </marc:datafield>
    <marc:datafield tag="924" ind1="1" ind2=" ">
      <marc:subfield code="a">990210913130206441</marc:subfield>
      <marc:subfield code="b">DE-38M</marc:subfield>
      <marc:subfield code="c">NRW</marc:subfield>
      <marc:subfield code="d">d</marc:subfield>
    </marc:datafield>
    <marc:datafield tag="960" ind1="1" ind2=" ">
      <marc:subfield code="d">lzDiss</marc:subfield>
    </marc:datafield>
    <marc:datafield tag="960" ind1="1" ind2=" ">
      <marc:subfield code="r">38 M: ellinet; GND: (DE-588)1053580-9</marc:subfield>
    </marc:datafield>
    <marc:datafield tag="960" ind1="1" ind2=" ">
      <marc:subfield code="i">iall</marc:subfield>
      <marc:subfield code="i">OA</marc:subfield>
    </marc:datafield>
  </marc:record>
</marc:collection>
